000
00232nam a2200097Ia 4500
001
939960
005
20250826215237.0
008
250824s9999 xx 000 0 und d
245
0
_a
MAYMUNLAR
_c
ANNE SCHREİBER
260
_b
BETA YAYINLARI
999
_c
939960
_d
939960